| 000 | 00627nam a22001937a 4500 | ||
|---|---|---|---|
| 003 | MX-LbUP | ||
| 005 | 20241028081610.0 | ||
| 008 | 230411b mx |||||||||| 00| | spa d | ||
| 020 | _a970640273X | ||
| 040 |
_aMX6ZV _bspa _cMX6ZV _dUNAMX _dMX-LbUP |
||
| 050 | 4 |
_aQC174.8 _bG38 2005 |
|
| 100 | 1 |
_aGarcía-Colín Scherer, Leopoldo _912436 _eautor |
|
| 245 | 0 | 0 |
_aIntroducción a la física estadística / _cLeopoldo García-Colín Scherer |
| 260 | 1 |
_aMéxico, D.F. : _bEl Colegio Nacional, _c2005 |
|
| 300 |
_axii, 655 páginas : _bilustraciones ; _c21 cm. |
||
| 650 | 0 |
_aFísica _940 |
|
| 650 | 0 |
_aEstadística _9918 |
|
| 942 |
_2lcc _cLB |
||
| 999 |
_c6676 _d6676 |
||